Técnicas de investigación para historiadores. Las fuentes de la historia
Na minha lista:
| Autor principal: | |
|---|---|
| Formato: | Livro |
| Idioma: | espanhol |
| Publicado em: |
Madrid, España.
Síntesis,
2005
|
| Colecção: | Colección Síntesis Historia
|
| Assuntos: | |
| Acesso em linha: | Disponible Online - pp. 21-68 |
| Tags: |
Adicionar Tag
Sem tags, seja o primeiro a adicionar uma tag!
|
MARC
| LEADER | 00000nam a2200000 a 4500 | ||
|---|---|---|---|
| 001 | UCK9770 | ||
| 003 | CL-VaPUC | ||
| 005 | 20231006144337.0 | ||
| 008 | 060531e20050000SP |||||||||||||||||spa|d | ||
| 999 | |c 316833 |d 316831 | ||
| 020 | |a 8497563476 | ||
| 040 | |c Pontificia Universidad Católica de Valparaíso | ||
| 082 | 0 | 4 | |a 907.2 ALI 2005 |2 21 |
| 100 | 0 | |a Alía Miranda, Francisco |e author |9 499681 | |
| 245 | 1 | 0 | |a Técnicas de investigación para historiadores. |b Las fuentes de la historia |
| 260 | |a Madrid, España. |b Síntesis, |c 2005 | ||
| 300 | |a 461 páginas | ||
| 490 | 0 | |a Colección Síntesis Historia | |
| 583 | |a last modification |c 20120627 01:10:43 |k Rodrigo Vera | ||
| 650 | 0 | |a Metodología de la historia |2 CL-VaPUC |9 431742 | |
| 650 | 0 | |a Métodos de investigación |9 262618 | |
| 650 | 0 | |a Ciencias sociales |v Investigación |9 307767 | |
| 650 | 0 | |a Investigación histórica |9 344844 | |
| 650 | 0 | |a Teoría del conocimiento |9 255038 | |
| 650 | 0 | |a Historiadores |9 314498 | |
| 856 | |u http://bibliografiadigital.pucv.cl.pucv.idm.oclc.org/index.php/bibliotecapucv/catalog/book/627 |y Disponible Online - pp. 21-68 | ||
| 942 | |c BK |2 ddc | ||
| 945 | |d 20060531 00:00:00 |a jtorresc | ||
| 952 | |0 0 |1 0 |4 0 |6 907_200000000000000_ALI_2005 |7 0 |8 A |9 392324 |a BIBHIS |b BIBHIS |d 2019-11-22 |i 4237560 |l 6 |o 907.2 ALI 2005 |p 4237560 |r 2025-01-20 |s 2024-10-25 |w 2019-11-22 |y BK |k HIS | ||
| 952 | |0 0 |1 0 |4 0 |6 907_200000000000000_ALI_2005 |7 0 |8 A |9 392325 |a BIBHIS |b BIBHIS |d 2019-11-22 |i 4734505 |l 3 |m 4 |o 907.2 ALI 2005 |p 4734505 |r 2025-01-20 |s 2024-01-23 |w 2019-11-22 |y BK |k HIS | ||